<?xml version="1.0" encoding="UTF-8"?>
<record
    xmlns:xsi="http://www.w3.org/2001/XMLSchema-instance"
    xsi:schemaLocation="http://www.loc.gov/MARC21/slim http://www.loc.gov/standards/marcxml/schema/MARC21slim.xsd"
    xmlns="http://www.loc.gov/MARC21/slim">

  <leader>01528nam a2200217Ia 4500</leader>
  <controlfield tag="005">20230220134019.0</controlfield>
  <controlfield tag="008">131103s9999    xx            000 0 und d</controlfield>
  <datafield tag="020" ind1=" " ind2=" ">
    <subfield code="c">Rs 150</subfield>
  </datafield>
  <datafield tag="040" ind1=" " ind2=" ">
    <subfield code="a">Loreto College</subfield>
  </datafield>
  <datafield tag="041" ind1=" " ind2=" ">
    <subfield code="a">English</subfield>
  </datafield>
  <datafield tag="082" ind1=" " ind2=" ">
    <subfield code="a">821(I)</subfield>
    <subfield code="b">SEN</subfield>
  </datafield>
  <datafield tag="245" ind1=" " ind2=" ">
    <subfield code="a">Indo-Anglian Poetry</subfield>
    <subfield code="b"> a collection of critical essays </subfield>
    <subfield code="c">Edited by Pradip Ranjan Sengupta</subfield>
  </datafield>
  <datafield tag="260" ind1=" " ind2=" ">
    <subfield code="a">Kolkata</subfield>
    <subfield code="b">Review Publication</subfield>
    <subfield code="c">2008</subfield>
  </datafield>
  <datafield tag="300" ind1=" " ind2=" ">
    <subfield code="a">262p </subfield>
  </datafield>
  <datafield tag="504" ind1=" " ind2=" ">
    <subfield code="a">Contents: Forword by Dr Chidananda Bhattacharya; Introduction by Dr. Pradip Ranjan Sengupta; Henry Louis Vivian Derozio by Dr. Amzed Hossein; Michael Madhusudan Dutt by Saurabh Bhattacharya; Toru Dutt: A lyrical life by Dr Debashish Chattopadhyay; Rabindranath Tagore by Dr Sudeshna Kar Barua; Swami Vivekananda by Prof Narayan :Saha; Monmohan Ghosh by Rituparna Dutta;Sri Aurobindo: the Poet by Dr. Dilip Kumar Chatterjee; The poetry of Sarojini Naidu By Dr Santosh Chakraborti; Shiv K Kumar by Sumana De; Nissim Ezekiel by Dr Pradip Ranjan Sengupata;The poetry of Jayanta Mahapatra by Subrata Sar;P Lal by Sumana De; A K Ramanujan: The poet of self tradition and modernity by Arnab Ray; Kamala Das by Dr Sumita Banerjee; A study of R Parthasarathy's poetry by Dr Jolly Das;Keki N Daruwalla by Sumana De; Jibanananda Das by Dr Gautam Sengupta; Udipi R Ananthamurthy by Saurabh Bhattacharya; Harvansh Rai Bachchan by Ranjan Mondal</subfield>
  </datafield>
  <datafield tag="650" ind1=" " ind2=" ">
    <subfield code="a">Indian Writing in English</subfield>
  </datafield>
  <datafield tag="651" ind1=" " ind2=" ">
    <subfield code="a">Poetry in English</subfield>
  </datafield>
  <datafield tag="700" ind1=" " ind2=" ">
    <subfield code="a">Sengupta, Pradip Ranjan, ed</subfield>
  </datafield>
  <datafield tag="850" ind1=" " ind2=" ">
    <subfield code="a">LCLIB</subfield>
  </datafield>
  <datafield tag="942" ind1=" " ind2=" ">
    <subfield code="c">BK</subfield>
  </datafield>
  <datafield tag="999" ind1=" " ind2=" ">
    <subfield code="c">20606</subfield>
    <subfield code="d">71085</subfield>
  </datafield>
  <datafield tag="952" ind1=" " ind2=" ">
    <subfield code="0">0</subfield>
    <subfield code="1">0</subfield>
    <subfield code="2">ddc</subfield>
    <subfield code="4">0</subfield>
    <subfield code="7">0</subfield>
    <subfield code="a">MAIN</subfield>
    <subfield code="b">MAIN</subfield>
    <subfield code="d">2013-11-04</subfield>
    <subfield code="l">7</subfield>
    <subfield code="o">821(I) SEN 46868</subfield>
    <subfield code="p">B22529</subfield>
    <subfield code="r">2023-05-03</subfield>
    <subfield code="s">2023-04-24</subfield>
    <subfield code="w">2013-11-04</subfield>
    <subfield code="y">BK</subfield>
    <subfield code="f"></subfield>
  </datafield>
  <datafield tag="952" ind1=" " ind2=" ">
    <subfield code="0">0</subfield>
    <subfield code="1">0</subfield>
    <subfield code="2">ddc</subfield>
    <subfield code="4">0</subfield>
    <subfield code="7">0</subfield>
    <subfield code="a">MAIN</subfield>
    <subfield code="b">MAIN</subfield>
    <subfield code="d">2013-11-04</subfield>
    <subfield code="l">10</subfield>
    <subfield code="o">821(I) SEN 46867</subfield>
    <subfield code="p">B22530</subfield>
    <subfield code="r">2022-04-01</subfield>
    <subfield code="s">2022-04-01</subfield>
    <subfield code="w">2013-11-04</subfield>
    <subfield code="y">BK</subfield>
    <subfield code="f"></subfield>
  </datafield>
  <datafield tag="952" ind1=" " ind2=" ">
    <subfield code="0">0</subfield>
    <subfield code="1">0</subfield>
    <subfield code="4">0</subfield>
    <subfield code="7">0</subfield>
    <subfield code="a">MAIN</subfield>
    <subfield code="b">MAIN</subfield>
    <subfield code="d">2013-11-04</subfield>
    <subfield code="l">0</subfield>
    <subfield code="o">821(I)/SEN LCLIB/46867,46868,46869</subfield>
    <subfield code="p">B22531</subfield>
    <subfield code="r">2013-11-04</subfield>
    <subfield code="w">2013-11-04</subfield>
    <subfield code="y">BK</subfield>
  </datafield>
</record>
